| 000 | 01273nam0a22002651 4500 | ||
|---|---|---|---|
| 001 | rc\609985 | ||
| 005 | 20260407085442.0 | ||
| 035 | _a(NLR Aleph) 005853752 | ||
| 090 |
_a5806001 _c5806001 |
||
| 100 | _a20031121d1986 |||y0rusy50 ca | ||
| 101 | 0 | _arus | |
| 102 | _aRU | ||
| 105 | _aa ||||||||| | ||
| 200 | 1 |
_aСЕРОВОДОРОД в подземных водах и борьба с ним _f[Сост. А.М. Гайдин и др.] |
|
| 210 |
_aМ. _cНИИТЭХим _d1986 |
||
| 215 |
_a34 с. _cил. _d20 |
||
| 225 | 1 |
_aОбзорная информация _fМ-во по пр-ву минер. удобрений, НИИ техн.-экон. исслед. _iПромышленность по производству минеральных удобрений. Серия "Сера и серная промышленность" |
|
| 320 | _aБиблиогр.: с. 29-31 | ||
| 702 | 1 |
_aГайдин _bА.М. _gАнатолий Маркович _4220 |
|
| 712 | 0 | 2 |
_aНИИ технико-экономических исследований Министерства химической промышленности СССР _3RU\NLR\AUTH\8813349 _9299715 |
| 801 | 0 |
_aRU _bNLR _gpsbo |
|
| 801 | 1 |
_aRU _bELAR _2rusmarc |
|
| 852 |
_aNLR _j87-4/11509 |
||
| 942 | _cBOOK | ||
| 980 | _aNB | ||